000 01750nam a2200493 i 4500
001 2360
003 KOSZ 005
005 20200515151521.0
008 200515s1984 pl f 000 0 pol
015 _aUWD 1984/3034
020 _a8301020512
035 _a991009787879705066
035 _a(PL-WaBN)b12643543-48omnis_nlop
035 _ab12643543
035 _a(OCoLC)749554478
035 _a(PL)b0000001264354
035 _a(EXLNZ-48OMNIS_NETWORK)9910197330805606
040 _aWA N
_cWA N
_dKOSZ 005/AR
046 _k1984
080 _a502.5
080 _a502/504
080 _a614.7
100 1 _aPrzeździecki, Zdzisław
_d(1924-2012)
_eAutor
245 1 0 _aBiologiczne skutki chemizacji środowiska /
_cZdzisław Przeździecki.
250 _aWydanie 2.
260 _aWarszawa :
_bPaństwowe Wydawnictwo Naukowe,
_c1984.
300 _a190, [1] strona, [13] stron fotografii ;
_c19 cm.
336 _aTekst
_btxt
_2rdacontent
337 _aBez urządzenia pośredniczącego
_bn
_2rdamedia
338 _aWolumin
_bnc
_2rdacarrier
380 _aKsiążki
388 _a1901-2000
388 _a1945-1989
490 1 _aOddziaływanie Czynników Współczesnego Środowiska na Organizm Człowieka
504 _aBibliografia na stronach 188-[191].
650 7 _aDegradacja środowiska
_2DBN
650 7 _aZanieczyszczenia chemiczne środowiska
_2DBN
658 _aOchrona środowiska
710 _4pbl
_aPaństwowe Wydawnictwo Naukowe
830 0 _aOddziaływanie Czynników Współczesnego Środowiska na Organizm Człowieka
856 _uhttp://koha.tu.koszalin.pl/cgi-bin/koha/opac-detail.pl?biblionumber=2360
_yKatalog online BPK
942 _2UKD
_cKS
999 _c2360
_d2360